IL VANGELO DI MARCO. (Record n. 312628)
[ formato base ]
| 000 -LEADER | |
|---|---|
| fixed length control field | 01210nam a2200229Ia 4500 |
| 001 - CONTROL NUMBER | |
| control field | L200-53752 |
| 003 - CONTROL NUMBER IDENTIFIER | |
| control field | IT-CnALBA |
| 008 - FIXED-LENGTH DATA ELEMENTS--GENERAL INFORMATION | |
| fixed length control field | 170116s9999||||xx |||||||||||||| ||und|| |
| 040 ## - CATALOGING SOURCE | |
| Original cataloging agency | IT-CnALBA |
| Transcribing agency | IT-CnALBA |
| 041 ## - LANGUAGE CODE | |
| Language code of text/sound track or separate title | ITALIANO |
| 999 ## - SYSTEM CONTROL NUMBERS (KOHA) | |
| Koha Dewey Subclass [OBSOLETE] | NO |
| 100 ## - MAIN ENTRY--PERSONAL NAME | |
| Personal name | CAVEDO ROMEO |
| 245 #0 - TITLE STATEMENT | |
| Title | IL VANGELO DI MARCO. |
| 250 ## - EDITION STATEMENT | |
| Edition statement | 1a ed. |
| 260 ## - PUBLICATION, DISTRIBUTION, ETC. (IMPRINT) | |
| Place of publication, distribution, etc. | CINISELLO BALSAMO (MI) |
| Name of publisher, distributor, etc. | PERIODICI SAN PAOLO ED. |
| Date of publication, distribution, etc. | 1994 [1° Ed.:1994 - Ed.Ling.Originale: 1994] |
| 300 ## - PHYSICAL DESCRIPTION | |
| Extent | 68 p. |
| 500 ## - GENERAL NOTE | |
| General note | COMMENTO. PER IL NONO CENTENARIO DELLA BASILICA. EVANGELISTA. IL RACCONTO DELLA RISURREZIONE. IL VANGELO. PREPARAZIONE MINISTERO DI GESÙ. LOTTA APERTA AL PECCATO. MINACCE DI MORTE. FIDUCIA NELLA POTENZA DI DIO. PER CHI CREDE NULLA È IMPOSSIBILE. GESÙ DA' |
| 501 ## - WITH NOTE | |
| With note | Società San Paolo EM - Piazza San Paolo, 14 - 12051 ALBA (CN) (non commercial uses only) ® Copyright 2017 |
| 520 ## - SUMMARY, ETC. | |
| Summary, etc. | COMMENTO. PER IL NONO CENTENARIO DELLA BASILICA. EVANGELISTA. IL RACCONTO DELLA RISURREZIONE. IL VANGELO. PREPARAZIONE MINISTERO DI GESÙ. LOTTA APERTA AL PECCATO. MINACCE DI MORTE. FIDUCIA NELLA POTENZA DI DIO. PER CHI CREDE NULLA È IMPOSSIBILE. GESÙ DA' |
| 650 ## - SUBJECT ADDED ENTRY--TOPICAL TERM | |
| Topical term or geographic name as entry element | RELIGIONE - RELIGIONE CRISTIANA |
| 942 ## - ADDED ENTRY ELEMENTS (KOHA) | |
| Koha item type | LIBRO |
| 957 ## - | |
| -- | 1 |
| 999 ## - SYSTEM CONTROL NUMBERS (KOHA) | |
| -- | Copie: 1 |
| Withdrawn status | Lost status | Damaged status | Not for loan | Home library | Current library | Date acquired | Total Checkouts | Full call number | Date last seen | Price effective from | Koha item type | Public note |
|---|---|---|---|---|---|---|---|---|---|---|---|---|
| Buone Condizioni | Not For Loan | ALBA - Biblioteca | ALBA - Biblioteca | 16/01/2017 | L200-53752 | 16/01/2017 | 16/01/2017 | LIBRO | (data import: 16 gennaio 2017) - By Epidotti, Vaglietti. |